000 00642nam a22001817a 4500
005 20240909152824.0
010 _aENG-141695
020 _a9789387871762
_c325.00
035 _aEN-125227
037 _bDBAD
082 _a338.47677
245 _aSmart Textiles in Modern Era- Smartex Fashion 18/
260 _aMadurai
_bShanlax Publications
_c2018
270 _a61, T.P.K. Main Road Vasantha Nagar, Madurai
_bTamil Nadu
_e625003
300 _acxv,=151p.
_c24cm.(Pb)
_b,ill
700 _aDepartment of Fashion Designing and Apparel Making; Holy Cross Home Science College/
_971337
942 _2ddc
_cEN
_h338.47677
_mSMA
999 _c205722
_d205722